[Event "Berlin Werner Ott op"]
[Site "Berlin"]
[Date "2019.06.30"]
[Round "9"]
[White "Werner, Dimo"]
[Black "Ziems, Michael"]
[Result "1-0"]
[WhiteElo "1986"]
[BlackElo "1793"]
[PlyCount "52"]
[EventDate "2019.06.22"]
[EventType "swiss"]
[EventRounds "9"]
[EventCountry "GER"]
[SourceTitle "EXT 2022"]
[Source "ChessBase"]
[SourceDate "2021.10.06"]
[SourceVersion "1"]
[SourceVersionDate "2021.10.06"]
[SourceQuality "1"]

1. d4 e6 2. Nf3 d5 3. c4 Nf6 4. Nc3 Be7 5. Bg5 0-0 6. e3 c6 7. Qc2 Nbd7 8. Bd3 h6 9. Bh4 dxc4 10. Bxc4 Nd5 11. Bxe7 Qxe7 12. 0-0 b6 13. Qe2 a5 14. Rac1 Bb7 15. Rfd1 Rfd8 16. a3 Nf8 17. Bd3 Rdc8 18. Na4 Nd7 19. g3 Rc7 20. Ne5 Nxe5 21. dxe5 c5 22. e4 Nf4 23. gxf4 Qh4 24. Qf3 f5 25. Qg3 Qe7 26. exf5 exf5 1-0

[Event "Berlin Werner Ott op"]
[Site "Berlin"]
[Date "2019.06.28"]
[Round "7"]
[White "Werner, Dimo"]
[Black "Solberg, Joachim Krokvik"]
[Result "1/2-1/2"]
[WhiteElo "1986"]
[BlackElo "2170"]
[PlyCount "32"]
[EventDate "2019.06.22"]
[EventType "swiss"]
[EventRounds "9"]
[EventCountry "GER"]
[SourceTitle "EXT 2022"]
[Source "ChessBase"]
[SourceDate "2021.10.06"]
[SourceVersion "1"]
[SourceVersionDate "2021.10.06"]
[SourceQuality "1"]

1. d4 d5 2. Nf3 Nf6 3. c4 dxc4 4. e3 e6 5. Bxc4 a6 6. 0-0 c5 7. dxc5 Qxd1 8. Rxd1 Bxc5 9. a3 b5 10. Be2 Bb7 11. b4 Be7 12. Bb2 Nbd7 13. Nbd2 0-0 14. Rac1 Rac8 15. Rxc8 Rxc8 16. Rc1 Rxc1+ 1/2-1/2

[Event "Hofheim Spring op 7th"]
[Site "Hofheim"]
[Date "2019.04.27"]
[Round "8"]
[White "Werner, Dimo"]
[Black "Koellner, Aaron Noah"]
[Result "1-0"]
[WhiteElo "1990"]
[BlackElo "2174"]
[PlyCount "79"]
[EventDate "2019.04.23"]
[EventType "swiss"]
[EventRounds "9"]
[EventCountry "GER"]
[SourceTitle "CBM 190 Extra"]
[Source "ChessBase"]
[SourceDate "2019.07.15"]
[SourceVersion "1"]
[SourceVersionDate "2019.07.15"]
[SourceQuality "1"]

1. d4 d6 2. Nf3 Nd7 3. Nc3 Ngf6 4. e4 e5 5. Bc4 Be7 6. 0-0 c6 7. a4 Qc7 8. Ba2 h6 9. h3 Nf8 10. Be3 Ng6 11. Qe2 0-0 12. Rad1 Bd7 13. Kh1 Kh8 14. Ng1 Nh7 15. Nf3 f5 16. exf5 Rxf5 17. dxe5 dxe5 18. Bc4 Raf8 19. Bd3 R5f6 20. Bxg6 Rxg6 21. Rxd7 Qxd7 22. Nxe5 Qf5 23. Nxg6+ Qxg6 24. Bxa7 Bf6 25. Qe4 Qh5 26. Qb4 Rf7 27. Be3 Nf8 28. Bd4 Bg5 29. Qc4 Rf3 30. Be5 Rxh3+ 31. gxh3 Qxh3+ 32. Kg1 Ng6 33. Bg3 Bf4 34. Qd3 Ne5 35. Qe4 g5 36. Ne2 Qg4 37. Kg2 h5 38. Nxf4 gxf4 39. Qxe5+ Kh7 40. Qxf4 1-0

[Event "Hofheim Spring op 7th"]
[Site "Hofheim"]
[Date "2019.04.23"]
[Round "1"]
[White "Werner, Dimo"]
[Black "Keller, Peter1111"]
[Result "0-1"]
[WhiteElo "1990"]
[BlackElo "2178"]
[PlyCount "54"]
[EventDate "2019.04.23"]
[EventType "swiss"]
[EventRounds "9"]
[EventCountry "GER"]
[SourceTitle "CBM 190 Extra"]
[Source "ChessBase"]
[SourceDate "2019.07.15"]
[SourceVersion "1"]
[SourceVersionDate "2019.07.15"]
[SourceQuality "1"]

1. d4 f5 2. c4 Nf6 3. Nc3 g6 4. g3 Bg7 5. Bg2 0-0 6. Nf3 d6 7. 0-0 c6 8. b3 Na6 9. Bb2 Qc7 10. d5 e5 11. dxe6 Bxe6 12. Nd4 Bf7 13. e4 fxe4 14. Nxe4 Nxe4 15. Bxe4 Nc5 16. Bg2 Rfe8 17. Qc2 a5 18. Rae1 a4 19. Rxe8+ Rxe8 20. Rd1 axb3 21. axb3 Qb6 22. Bc3 Bxd4 23. Rxd4 Qxb3 24. Qd2 Bxc4 25. h4 Re2 26. Qh6 Qxc3 27. Rxd6 Bf7 0-1

[Event "Heusenstamm Sparkassen op-A 5th"]
[Site "Heusenstamm"]
[Date "2018.11.24"]
[Round "4"]
[White "Rieger, Mario"]
[Black "Werner, Dimo"]
[Result "1/2-1/2"]
[WhiteElo "1868"]
[BlackElo "1993"]
[PlyCount "31"]
[EventDate "2018.11.22"]
[EventType "swiss"]
[EventRounds "7"]
[EventCountry "GER"]
[SourceTitle "CBM 188 Extra"]
[Source "ChessBase"]
[SourceDate "2019.02.26"]
[SourceVersion "1"]
[SourceVersionDate "2019.02.26"]
[SourceQuality "1"]

1. d4 Nf6 2. Nf3 e6 3. c4 d5 4. Nc3 c6 5. Bg5 Be7 6. e3 h6 7. Bh4 Nh5 8. Bxe7 Qxe7 9. Rc1 Nd7 10. Bd3 Nhf6 11. 0-0 0-0 12. cxd5 exd5 13. Re1 Ne4 14. Qc2 Re8 15. h3 Ndf6 16. a3 1/2-1/2

[Event "Heusenstamm Sparkassen op-A 5th"]
[Site "Heusenstamm"]
[Date "2018.11.23"]
[Round "3"]
[White "Werner, Dimo"]
[Black "Engel, Jan"]
[Result "1/2-1/2"]
[WhiteElo "1993"]
[BlackElo "1859"]
[PlyCount "39"]
[EventDate "2018.11.22"]
[EventType "swiss"]
[EventRounds "7"]
[EventCountry "GER"]
[SourceTitle "CBM 188 Extra"]
[Source "ChessBase"]
[SourceDate "2019.02.26"]
[SourceVersion "1"]
[SourceVersionDate "2019.02.26"]
[SourceQuality "1"]

1. d4 Nf6 2. Nf3 e6 3. g3 Nc6 4. Bg2 Be7 5. 0-0 0-0 6. c4 d6 7. b3 e5 8. Bb2 Nd7 9. Nc3 Nxd4 10. Nxd4 exd4 11. Qxd4 Bf6 12. Qd2 Rb8 13. Rfd1 b6 14. Nb5 Bxb2 15. Qxb2 a6 16. Na7 Ne5 17. Qxe5 dxe5 18. Rxd8 Rxd8 19. Nc6 Be6 20. Nxb8 1/2-1/2

[Event "Wiesbaden op 30th"]
[Site "Wiesbaden"]
[Date "2018.08.24"]
[Round "2"]
[White "Werner, Dimo"]
[Black "Koellner, Ruben Gideon"]
[Result "0-1"]
[WhiteElo "2003"]
[BlackElo "2253"]
[PlyCount "70"]
[EventDate "2018.08.23"]
[EventType "swiss"]
[EventRounds "7"]
[EventCountry "GER"]
[SourceTitle "CBM 186 Extra"]
[Source "ChessBase"]
[SourceDate "2018.08.24"]
[SourceVersion "1"]
[SourceVersionDate "2018.08.24"]
[SourceQuality "1"]

1. d4 d6 2. g3 Nd7 3. Bg2 e5 4. c4 Be7 5. Nf3 e4 6. Nfd2 f5 7. f3 exf3 8. Nxf3 Nb6 9. Nc3 c6 10. Qd3 Nf6 11. b3 d5 12. c5 Nbd7 13. Bf4 Ne4 14. Ne5 Bf6 15. Nxd7 Bxd7 16. Nxe4 fxe4 17. Qd2 0-0 18. 0-0 Rf7 19. e3 Be6 20. Rac1 Qd7 21. Rf2 Be7 22. Rcf1 Raf8 23. Be5 Bf5 24. b4 Qe6 25. a4 h5 26. h4 g5 27. hxg5 Bxg5 28. Bf4 Qg6 29. Qe1 Be7 30. Kh2 h4 31. g4 Qxg4 32. Qe2 Qxe2 33. Rxe2 Bg4 34. Ree1 h3 35. Bh1 Bg5 0-1

[Event "Berlin Werner Ott op"]
[Site "Berlin"]
[Date "2018.07.05"]
[Round "6"]
[White "Ziems, Michael"]
[Black "Werner, Dimo"]
[Result "1/2-1/2"]
[WhiteElo "1798"]
[BlackElo "2012"]
[PlyCount "47"]
[EventDate "2018.06.30"]
[EventType "swiss"]
[EventRounds "9"]
[EventCountry "GER"]
[SourceTitle "CBM 185 Extra"]
[Source "ChessBase"]
[SourceDate "2018.07.29"]
[SourceVersion "1"]
[SourceVersionDate "2018.07.29"]
[SourceQuality "1"]

1. d4 Nf6 2. c4 e6 3. Nc3 Bb4 4. Bf4 0-0 5. e3 d5 6. Nf3 dxc4 7. Bxc4 Nd5 8. Bxd5 exd5 9. 0-0 c6 10. Qc2 Qf6 11. Rac1 Na6 12. Ne5 Qe7 13. Qa4 f6 14. Nd3 Bd6 15. Bxd6 Qxd6 16. Ne2 Bg4 17. Nc3 Bf5 18. Nf4 Qb4 19. Qxb4 Nxb4 20. a3 Nd3 21. Nxd3 Bxd3 22. Rfd1 Bc4 23. Rd2 a5 24. Na4 1/2-1/2

[Event "Hofheim Spring op 6th"]
[Site "Hofheim"]
[Date "2018.04.07"]
[Round "9"]
[White "Werner, Dimo"]
[Black "Metzdorf, Matteo"]
[Result "1/2-1/2"]
[WhiteElo "2033"]
[BlackElo "1849"]
[PlyCount "23"]
[EventDate "2018.04.03"]
[EventType "swiss"]
[EventRounds "9"]
[EventCountry "GER"]
[SourceTitle "CBM 183 Extra"]
[Source "ChessBase"]
[SourceDate "2018.04.19"]
[SourceVersion "1"]
[SourceVersionDate "2018.04.19"]
[SourceQuality "1"]

1. d4 Nf6 2. Nf3 e6 3. c4 d5 4. Nc3 c6 5. e3 Nbd7 6. b3 Bd6 7. Bb2 0-0 8. Be2 b6 9. 0-0 Bb7 10. cxd5 exd5 11. Rc1 Rc8 12. Rc2 1/2-1/2

[Event "Hofheim Spring op 6th"]
[Site "Hofheim"]
[Date "2018.04.05"]
[Round "5"]
[White "Werner, Dimo"]
[Black "Boehm, Thomas1111"]
[Result "1/2-1/2"]
[WhiteElo "2033"]
[BlackElo "2179"]
[PlyCount "103"]
[EventDate "2018.04.03"]
[EventType "swiss"]
[EventRounds "9"]
[EventCountry "GER"]
[SourceTitle "CBM 183 Extra"]
[Source "ChessBase"]
[SourceDate "2018.04.19"]
[SourceVersion "1"]
[SourceVersionDate "2018.04.19"]
[SourceQuality "1"]

1. d4 Nf6 2. Nf3 e6 3. Bf4 d5 4. e3 Bd6 5. c3 Bxf4 6. exf4 0-0 7. Nbd2 b6 8. Bd3 Ba6 9. Qe2 Bxd3 10. Qxd3 c5 11. 0-0 Nc6 12. Ne5 Rc8 13. Rfe1 Ne7 14. Nf1 Qc7 15. Ng3 cxd4 16. Qxd4 Qc5 17. Qd3 g6 18. Rad1 Rfd8 19. h4 h5 20. Qd4 Qxd4 21. Rxd4 Nc6 22. Nxc6 Rxc6 23. f3 Rdc8 24. Red1 Kf8 25. Ne2 Ne8 26. R4d2 Nd6 27. Nd4 Rc4 28. Kf2 b5 29. a3 a5 30. g3 Kg7 31. Re2 Kf6 32. Nc2 R4c7 33. Nd4 Rb7 34. Rde1 Re8 35. Nc6 Ra8 36. Nd4 Re7 37. Kg2 Ree8 38. Nc2 Rab8 39. Nd4 Rb6 40. Nc2 Nf5 41. Rd2 Ne7 42. Kf2 Rc8 43. Ree2 Nc6 44. Nd4 Nxd4 45. Rxd4 Rc4 46. Ke3 Ke7 47. Kd3 Rbc6 48. Rxd5 b4 49. axb4 axb4 50. Rd4 Rxd4+ 51. Kxd4 bxc3 52. bxc3 1/2-1/2

[Event "Hofheim Spring op 6th"]
[Site "Hofheim"]
[Date "2018.04.03"]
[Round "1"]
[White "Werner, Dimo"]
[Black "Wenninger, Philipp"]
[Result "0-1"]
[WhiteElo "2033"]
[BlackElo "2364"]
[PlyCount "68"]
[EventDate "2018.04.03"]
[EventType "swiss"]
[EventRounds "9"]
[EventCountry "GER"]
[SourceTitle "CBM 183 Extra"]
[Source "ChessBase"]
[SourceDate "2018.04.19"]
[SourceVersion "1"]
[SourceVersionDate "2018.04.19"]
[SourceQuality "1"]

1. d4 d5 2. Nf3 Nf6 3. c4 c6 4. cxd5 cxd5 5. Nc3 Nc6 6. Bf4 Bf5 7. e3 e6 8. Bd3 Bxd3 9. Qxd3 Be7 10. h3 0-0 11. 0-0 Rc8 12. Rfc1 Nd7 13. a3 a6 14. b4 b5 15. Nd2 Nb6 16. Nb3 Qd7 17. Nc5 Qa7 18. Rcb1 Nc4 19. a4 Bxc5 20. bxc5 b4 21. Nb5 axb5 22. axb5 N6a5 23. Rxb4 Qb7 24. Qc3 f6 25. Bg3 Kh8 26. Rbb1 Ra8 27. Kh2 Rfc8 28. f3 h6 29. Rb4 e5 30. c6 Qb6 31. dxe5 fxe5 32. Bxe5 Nxe5 33. Qxe5 Nxc6 34. Qe6 Qc7+ 0-1

[Event "Heusenstamm Sparkassen op-A 4th"]
[Site "Heusenstamm"]
[Date "2017.11.25"]
[Round "5"]
[White "Werner, Dimo"]
[Black "Klundt, Klaus"]
[Result "1/2-1/2"]
[WhiteElo "2031"]
[BlackElo "2332"]
[PlyCount "92"]
[EventDate "2017.11.23"]
[EventType "swiss"]
[EventRounds "7"]
[EventCountry "GER"]
[SourceTitle "EXT 2019"]
[Source "ChessBase"]
[SourceDate "2018.10.10"]
[SourceVersion "1"]
[SourceVersionDate "2018.10.10"]
[SourceQuality "1"]

1. d4 Nf6 2. c4 e6 3. Nf3 d5 4. Nc3 Be7 5. Bg5 h6 6. Bh4 0-0 7. e3 b6 8. Bd3 Bb7 9. Bxf6 Bxf6 10. cxd5 exd5 11. 0-0 c5 12. Rc1 Nd7 13. Bf5 g6 14. Bxd7 cxd4 15. Nxd4 Qxd7 16. Qf3 Bg7 17. Rfd1 Rfd8 18. Rd2 Rac8 19. Qd1 Qe7 20. Nde2 Qg5 21. Nd4 Qe7 22. Ncb5 a6 23. Rxc8 Rxc8 24. Nc3 b5 25. a3 b4 26. axb4 Qxb4 27. h3 a5 28. Nce2 Be5 29. Nc3 Kg7 30. g3 Bf6 31. h4 h5 32. Kh2 Rc4 33. Nde2 Rxh4+ 34. Kg1 Rc4 35. Nxd5 Bxd5 36. Rxd5 Bxb2 37. Kg2 a4 38. Nf4 Bf6 39. Rd7 Qb5 40. Qd6 Qc6+ 41. Qxc6 Rxc6 42. Ra7 Rc4 43. Nd5 Bg5 44. Nb6 Rc1 45. Kf3 h4 46. Rxa4 hxg3 1/2-1/2

[Event "Wiesbaden op 29th"]
[Site "Wiesbaden"]
[Date "2017.08.27"]
[Round "7"]
[White "Werner, Dimo"]
[Black "Do, Nam"]
[Result "1/2-1/2"]
[WhiteElo "2033"]
[BlackElo "1862"]
[PlyCount "45"]
[EventDate "2017.08.24"]
[EventType "swiss"]
[EventRounds "7"]
[EventCountry "GER"]
[SourceTitle "CBM 180 Extra"]
[Source "ChessBase"]
[SourceDate "2017.10.06"]
[SourceVersion "1"]
[SourceVersionDate "2017.10.06"]
[SourceQuality "1"]

1. d4 Nf6 2. Nf3 e6 3. c4 d5 4. e3 c6 5. Nbd2 Bd6 6. Bd3 Nbd7 7. 0-0 0-0 8. e4 dxe4 9. Nxe4 Nxe4 10. Bxe4 h6 11. Bc2 b6 12. Qd3 f5 13. Re1 Nf6 14. Bd2 Qc7 15. Bc3 Re8 16. Re2 Ba6 17. Rae1 Qd7 18. Ne5 Qc7 19. b3 Nd5 20. Bd2 Nb4 21. Bxb4 Bxb4 22. Rd1 Rad8 23. Qg3 1/2-1/2

[Event "Wiesbaden op 29th"]
[Site "Wiesbaden"]
[Date "2017.08.26"]
[Round "4"]
[White "Froehlich Dill, Astrid"]
[Black "Werner, Dimo"]
[Result "0-1"]
[WhiteElo "1891"]
[BlackElo "2033"]
[PlyCount "54"]
[EventDate "2017.08.24"]
[EventType "swiss"]
[EventRounds "7"]
[EventCountry "GER"]
[SourceTitle "CBM 180 Extra"]
[Source "ChessBase"]
[SourceDate "2017.10.06"]
[SourceVersion "1"]
[SourceVersionDate "2017.10.06"]
[SourceQuality "1"]

1. d4 d5 2. Nf3 Nf6 3. c4 e6 4. Nc3 Be7 5. Bf4 0-0 6. e3 b6 7. cxd5 exd5 8. Bd3 Bb7 9. h3 c5 10. Rc1 Nbd7 11. Nb5 Ne8 12. 0-0 a6 13. dxc5 bxc5 14. Nc3 Nef6 15. Qe2 Re8 16. Rfd1 Bf8 17. Qd2 d4 18. Ne2 Bxf3 19. gxf3 Ne5 20. Bxe5 Rxe5 21. f4 Rh5 22. Kg2 Qd5+ 23. f3 Qd7 24. Rh1 dxe3 25. Qxe3 Re8 26. Be4 Nxe4 27. Nc3 Nf6 0-1

[Event "Wiesbaden op 29th"]
[Site "Wiesbaden"]
[Date "2017.08.26"]
[Round "5"]
[White "Werner, Dimo"]
[Black "Hoppe, Thilo"]
[Result "0-1"]
[WhiteElo "2033"]
[BlackElo "2084"]
[PlyCount "140"]
[EventDate "2017.08.24"]
[EventType "swiss"]
[EventRounds "7"]
[EventCountry "GER"]
[SourceTitle "CBM 180 Extra"]
[Source "ChessBase"]
[SourceDate "2017.10.06"]
[SourceVersion "1"]
[SourceVersionDate "2017.10.06"]
[SourceQuality "1"]

1. d4 Nf6 2. Nf3 g6 3. c4 Bg7 4. Nc3 0-0 5. g3 d6 6. Bg2 Nc6 7. 0-0 a6 8. b3 Rb8 9. Bb2 Bd7 10. d5 Na5 11. Nd4 c5 12. dxc6 bxc6 13. Qd2 Qc7 14. Rac1 Rfd8 15. Ba1 Nb7 16. Ne4 Nxe4 17. Bxe4 e5 18. Nc2 Nc5 19. Bg2 Be6 20. Bc3 Nb7 21. Nb4 Ra8 22. Nxc6 Re8 23. Nb4 a5 24. Nd5 Qd8 25. Rfd1 Ra6 26. Nf4 Bc8 27. Nd5 Be6 28. Bb2 Qb8 29. Ba3 Nc5 30. Qe3 Qc8 31. Nc3 h5 32. Nb5 Bf8 33. Bd5 Kh7 34. Qf3 e4 35. Qc3 Bg7 36. Qc2 e3 37. Bxe6 exf2+ 38. Kxf2 Rxe6 39. Nd4 Re5 40. Nf3 Re7 41. Bb2 Bxb2 42. Qxb2 Kg8 43. Kg2 Qe6 44. Rc2 Ne4 45. Qd4 Ra8 46. Qd5 Qc8 47. Rd4 Qe8 48. Ng5 Nxg5 49. Qxg5 Rxe2+ 50. Rxe2 Qxe2+ 51. Kg1 Qe1+ 52. Kg2 Re8 53. Rd2 Re2+ 54. Rxe2 Qxe2+ 55. Kg1 Qxa2 56. Qd8+ Kg7 57. Qxd6 Qxb3 58. Qe5+ Kh7 59. Qxa5 Qxc4 60. Qd2 h4 61. Qf2 h3 62. Qf1 Qxf1+ 63. Kxf1 Kh6 64. Kf2 Kg5 65. Kf3 f5 66. Ke3 Kg4 67. Kf2 g5 68. Ke3 Kh5 69. Kd4 f4 70. gxf4 g4 0-1

[Event "Wiesbaden op 29th"]
[Site "Wiesbaden"]
[Date "2017.08.25"]
[Round "2"]
[White "Pap, Misa"]
[Black "Werner, Dimo"]
[Result "1-0"]
[WhiteElo "2491"]
[BlackElo "2033"]
[PlyCount "119"]
[EventDate "2017.08.24"]
[EventType "swiss"]
[EventRounds "7"]
[EventCountry "GER"]
[SourceTitle "CBM 180 Extra"]
[Source "ChessBase"]
[SourceDate "2017.10.06"]
[SourceVersion "1"]
[SourceVersionDate "2017.10.06"]
[SourceQuality "1"]

1. e4 e6 2. d4 d5 3. Nd2 c5 4. Ngf3 Nc6 5. dxc5 Bxc5 6. Bd3 Nf6 7. Qe2 0-0 8. 0-0 Nb4 9. e5 Nxd3 10. cxd3 Nd7 11. Nb3 Be7 12. Be3 f6 13. exf6 Bxf6 14. Bd4 Re8 15. Ne5 Nxe5 16. Bxe5 Bd7 17. Nd4 Bxe5 18. Qxe5 Qf6 19. Rae1 Rac8 20. f4 Qxe5 21. Rxe5 Kf7 22. Kf2 Ke7 23. Rfe1 Kd6 24. Ke3 h6 25. h4 Rf8 26. g3 Rf6 27. Kd2 Rcf8 28. Ke3 a6 29. Rc1 Rc8 30. Rxc8 Bxc8 31. h5 Bd7 32. g4 Rf8 33. Kf3 Rc8 34. Re1 Re8 35. Re5 Rc8 36. g5 Rc1 37. g6 Rf1+ 38. Ke3 Rg1 39. Kf2 Rb1 40. b3 Rb2+ 41. Re2 Rxe2+ 42. Nxe2 e5 43. d4 exf4 44. Kf3 Bf5 45. Kxf4 Bd3 46. Nc3 Ke6 47. b4 Bc4 48. a4 b6 49. a5 b5 50. Kf3 Kf6 51. Kg4 Bb3 52. Kf4 Ke6 53. Kg4 Kf6 54. Kf4 Ke6 55. Kg4 Kf6 56. Nxb5 Bc4 57. Nc7 Ke7 58. Kf5 Kd6 59. Ne8+ Ke7 60. Nxg7 1-0

[Event "Wiesbaden op 29th"]
[Site "Wiesbaden"]
[Date "2017.08.25"]
[Round "3"]
[White "Werner, Dimo"]
[Black "Weiland, Thomas"]
[Result "1-0"]
[WhiteElo "2033"]
[BlackElo "1844"]
[PlyCount "52"]
[EventDate "2017.08.24"]
[EventType "swiss"]
[EventRounds "7"]
[EventCountry "GER"]
[SourceTitle "CBM 180 Extra"]
[Source "ChessBase"]
[SourceDate "2017.10.06"]
[SourceVersion "1"]
[SourceVersionDate "2017.10.06"]
[SourceQuality "1"]

1. d4 f5 2. g3 Nf6 3. Bg2 g6 4. Nf3 Bg7 5. c4 d6 6. Nc3 c6 7. 0-0 0-0 8. b3 Na6 9. Bb2 Qc7 10. d5 Bd7 11. Nd4 c5 12. Nf3 Rae8 13. Qd2 h6 14. Rad1 Qb8 15. Ne1 Kh7 16. e4 Nc7 17. Nd3 b5 18. e5 dxe5 19. Nxe5 bxc4 20. bxc4 Rd8 21. Ba1 Be8 22. Qe3 Na6 23. Rfe1 Nh5 24. f4 Bf6 25. Rb1 Qc7 26. Nb5 Nb4 1-0

[Event "Pfalz op-A 8th"]
[Site "Neustadt an der Weinstrasse"]
[Date "2017.02.24"]
[Round "1"]
[White "Chernov, Vadim A"]
[Black "Werner, Dimo"]
[Result "1-0"]
[WhiteElo "2391"]
[BlackElo "2035"]
[PlyCount "51"]
[EventDate "2017.02.24"]
[EventType "swiss"]
[EventRounds "9"]
[EventCountry "GER"]
[SourceTitle "CBM 177 Extra"]
[Source "ChessBase"]
[SourceDate "2017.04.27"]
[SourceVersion "1"]
[SourceVersionDate "2017.04.27"]
[SourceQuality "1"]

1. e4 e6 2. d4 d5 3. Nd2 dxe4 4. Nxe4 Bd7 5. Nf3 Bc6 6. Bd3 Nd7 7. 0-0 Ngf6 8. Ng3 Be7 9. Qe2 Bxf3 10. Qxf3 c6 11. c3 0-0 12. Re1 Re8 13. Bf4 Qb6 14. b4 a5 15. a3 Bf8 16. Nf1 axb4 17. axb4 Rxa1 18. Rxa1 e5 19. dxe5 Nxe5 20. Bxe5 Rxe5 21. Ra8 Rd5 22. Bc4 Rd8 23. Ra5 Bxb4 24. cxb4 Qxb4 25. Rg5 h6 26. Qxf6 1-0

[Event "Heusenstamm Sparkassen op-A 3rd"]
[Site "Heusenstamm"]
[Date "2016.11.27"]
[Round "3"]
[White "Boe, Mads"]
[Black "Werner, Dimo"]
[Result "1-0"]
[WhiteElo "2312"]
[BlackElo "2035"]
[PlyCount "51"]
[EventDate "2016.11.24"]
[EventType "swiss"]
[EventRounds "7"]
[EventCountry "GER"]
[SourceTitle "EXT 2018"]
[Source "ChessBase"]
[SourceDate "2017.10.13"]
[SourceVersion "1"]
[SourceVersionDate "2017.10.13"]
[SourceQuality "1"]

1. e4 e6 2. d4 d5 3. e5 c5 4. c3 Nc6 5. Be3 cxd4 6. cxd4 Nge7 7. Bd3 Nf5 8. Nf3 Nxe3 9. fxe3 Be7 10. Nc3 Bd7 11. 0-0 0-0 12. a3 f6 13. exf6 Bxf6 14. Rc1 Be8 15. Qc2 h6 16. Ne2 Bf7 17. b4 a6 18. Qb2 Qb6 19. h3 Rac8 20. Bb1 Ne7 21. Nf4 g5 22. Nd3 Nf5 23. Nde5 Bxe5 24. Nxe5 Nxe3 25. Rxc8 Rxc8 26. Rxf7 1-0